000 00832nam a22002657a 4500
005 20170124110051.0
010 _aA-372837
020 _c00.00
_a00710003045
035 _aA-372837
037 _bCen Lib/Ret
040 _aDPL
_bEN
082 _a658.8
_bSTA
100 _aStanton, William J.
_925478
245 _aFundamentals of marketing /
_cby William J. Stanton [and] Charles Futrell
250 _a8th ed
260 _aNew York
_bMcGraw-Hill Book Company
_c1987
270 _bNew York
300 _axx, 666p.
_c23cm(Hb)
500 _aIncludes bibliographical references and index
650 _aMarketing
_96818
650 _aFundamental theory
_925479
650 _aचिकित्सा विज्ञान
_925480
700 _aFutrell, Charles
_925460
942 _2ddc
_cEN
_h658.8
_mSTA
999 _c129123
_d129123